European Cup Winners' Cup Quiz - Statistics

General Stats
  • This quiz has been taken 17 times
  • The average score is 5 of 10
Answer Stats
Hint Answer % Correct
First Scottish winners Rangers FC
92%
Last team to beat Real Madrid in a European final Aberdeen
85%
Only East German team to win it 1. FC Magdeburg
69%
Lobbed Seaman from 40 meters Nayim
69%
Surprising winners of the 1987/88 edition KV Mechelen
62%
Only four-time champions FC Barcelona
54%
Host stadium for the final final Villa Park
46%
Last ever goalscorer in the competition Pavel Nedvěd
31%
English outside right who scored twice in 1964/65 final Alan Sealey
23%
Great Soviet coach who won the trophy twice Valeriy Lobanovskyi
8%
No matching quizzes found
Score Distribution
Percent of People with Each Score
Percentile by Number Answered
Your Score History
You have not taken this quiz